| 000 | 00593nam a2200193 i 4500 | ||
|---|---|---|---|
| 001 | 130771 | ||
| 003 | ES-MaACL | ||
| 005 | 20250804043817.0 | ||
| 007 | t| | ||
| 008 | 070807s1949 mx ||||1| spa d | ||
| 100 | 1 |
_aZea, Leopoldo. _9118131 |
|
| 245 | 1 | 0 |
_aDos etapas del pensamiento en Hispanoamérica _b: del romanticismo al positivismo / _cLeopoldo Zea. |
| 250 | _a[1ª ed.]. | ||
| 260 |
_aMéxico : _bEl Colegio, _c[1949] |
||
| 300 |
_a396 p. ; _c22 cm. |
||
| 650 | 1 | 4 |
_aFilosofía- _zAmérica Latina- _yS.XIX _912805 |
| 852 |
_aES-MaACL _jD-5861 _bR.30387 |
||
| 999 |
_c130771 _d130771 |
||